| 000 | 00731nam a2200217 a 4500 | ||
|---|---|---|---|
| 999 |
_c12105 _d12105 |
||
| 001 | 12105 | ||
| 003 | BD-JhCC | ||
| 005 | 20220608134021.0 | ||
| 008 | 210315s20162017bg |||| |||| 000 0 ben d | ||
| 020 | _a9847009603549 | ||
| 035 | _a(BD-JhCC)12105 | ||
| 040 |
_aBD-JhCC _dBD-JhCC |
||
| 041 | _aben | ||
| 082 |
_a891.4435 _bIQB 2017 |
||
| 100 | _aইকবাল, মুহাম্মদ জাফর | ||
| 245 |
_aএখন তখন মানিক রতন / _cমুহাম্মদ জাফর ইকবাল |
||
| 260 |
_aঢাকা : _bতাম্রলিপি, _c২০১৭. |
||
| 300 |
_a১০৯ পৃ. : _c২১ সেমি. |
||
| 650 | _aবাংলা ছোটগল্প | ||
| 942 |
_2ddc _cBK _01 |
||